阪神タイガース 歴代監督 - Statistics

General Stats
  • This quiz has been taken 35 times
  • The average score is 42 of 101
Answer Stats
年度 氏名 % Correct
2004 | 2005 | 2006 | +4 others 岡田彰布
96%
2025 | 2026 藤川球児
96%
2019 | 2020 | 2021 | 2022 矢野燿大
92%
2012 | 2013 | 2014 | 2015 和田豊
88%
2016 | 2017 | 2018 金本知憲
88%
1999 | 2000 | 2001 野村克也
77%
2002 | 2003 星野仙一
77%
2009 | 2010 | 2011 真弓明信
77%
1975 | 1976 | 1977 | +5 others 吉田義男
69%
-代行 | 1946 | 1956 | 1957 藤村富美男
65%
1970 | 1971 | 1972 | +2 others 村山実
54%
-代行 | 1996 藤田平
35%
1990 | 1991 | 1992 | +3 others 中村勝広
27%
1942 | 1943 | 1944 | +3 others 若林忠志
19%
1979 | 1980 ブレイザー
12%
1936夏 | 1936春 森茂雄
8%
1936秋 | 1937春 | 1937秋 | +3 others 石本秀一
8%
1940 | 1941 | 1950 | +4 others 松木謙治郎
8%
1955 岸一朗
8%
-代行 | 1960 | 1961 | +2 others 金田正泰
8%
-代行 | 1962 | 1963 | +4 others 藤本定義
8%
1966 杉下茂
8%
-代行 | 1981 中西太
8%
1958 | 1959 田中義雄
4%
1969 | 1978 後藤次男
4%
1982 | 1983 | 1984 安藤統男
4%
-代行 柴田猛
4%
No matching quizzes found
Score Distribution
Percent of People with Each Score
Percentile by Number Answered
Your Score History
You have not taken this quiz